<?xml version="1.0" encoding="UTF-8"?>
<collection xmlns="http://www.loc.gov/MARC21/slim">
 <record>
  <leader>05870nam a2200349 a 4500</leader>
  <controlfield tag="001">kal2299</controlfield>
  <controlfield tag="003">Gr-AtHEAL</controlfield>
  <controlfield tag="005">20160421095851.0</controlfield>
  <controlfield tag="006">m        d        </controlfield>
  <controlfield tag="008">160413s2015    gr      s           gre|c</controlfield>
  <datafield tag="020" ind1=" " ind2=" ">
   <subfield code="a">9789606033117</subfield>
  </datafield>
  <datafield tag="040" ind1=" " ind2=" ">
   <subfield code="a">GR-AtHEAL</subfield>
   <subfield code="b">gre</subfield>
   <subfield code="c">GR-AtHEAL</subfield>
  </datafield>
  <datafield tag="082" ind1="0" ind2="4">
   <subfield code="a">511.3</subfield>
   <subfield code="2">23</subfield>
  </datafield>
  <datafield tag="100" ind1="1" ind2=" ">
   <subfield code="a">Κολέτσος, Γεώργιος.</subfield>
   <subfield code="8">556</subfield>
  </datafield>
  <datafield tag="245" ind1="1" ind2="0">
   <subfield code="a">Μαθηματική λογική</subfield>
   <subfield code="h">[Ηλεκτρονικός πόρος] </subfield>
   <subfield code="b">Για μαθηματικούς και πληροφορικούς </subfield>
   <subfield code="c">Κολέτσος, Γεώργιος ; Κριτικός αναγνώστης,Δημητρακόπουλος, Κωνσταντίνος ; Τεχνική επιμέλεια,Ξύστρα, Αικατερίνη ; Γλωσσική επιμέλεια,Τουλάτου, Δήμητρα.</subfield>
  </datafield>
  <datafield tag="260" ind1=" " ind2=" ">
   <subfield code="a">Αθήνα :</subfield>
   <subfield code="b">Σύνδεσμος Ελληνικών Ακαδημαϊκών Βιβλιοθηκών,</subfield>
   <subfield code="c">c2015.</subfield>
  </datafield>
  <datafield tag="490" ind1=" " ind2=" ">
   <subfield code="a">Ακαδημαϊκά Ηλεκτρονικά Συγγράμματα και Βοηθήματα Κάλλιπος</subfield>
   <subfield code="8">40</subfield>
  </datafield>
  <datafield tag="520" ind1=" " ind2=" ">
   <subfield code="a">Η μαθηματική Λογική είναι στενά συνδεδεμένη με τα προγράμματα θεμελίωσης των Μαθηματικών. Το γνωστότερο και συνεκτικότερο από αυτά , το πρόγραμμα του Hilbert, εισήγαγε την έννοια του τυπικού αξιωματικού συστήματος και το ζήτημα της αποκρισιμότητας, δηλαδή τα δύο βασικά θεμέλια των επιστημών της Λογικής και της Πληροφορικής. Στόχος αυτού του προγράμματος ήταν η απόδειξη της συνέπειας των μαθηματικών θεωριών. Ο Gödel, αποδεικνύοντας την αδυναμία υλοποίησης αυτού του στόχου, εισήγαγε τις πρωτογενείς αναδρομικές συναρτήσεις καθώς και τη δυνατότητα των τυπικών συστημάτων να αναφέρονται στον εαυτό τους. Αυτό οδήγησε τον Turing να διατυπώσει το μοντέλο του υπολογισμού και να αποδείξει τα πρώτα αποτελέσματα αναποκρισιμότητας. Εισήχθησαν οι αναδρομικές συναρτήσεις και ξεκαθαρίστηκε το θολό τοπίο του υπολογίσιμου. Η κατάληξη ήταν η δημιουργία, σε θεωρητικό επίπεδο, της επιστήμης της πληροφορικής και ταυτόχρονα η αποφασιστική συμβολή στη θεμελίωση των μαθηματικών και της θεωρίας συνόλων. Σκοπός του βιβλίου είναι να παρουσιάσει όλα τα κλασικά αποτελέσματα της λογικής τα οποία στη συνέχεια έγιναν απαραίτητα σε κάθε σοβαρή μελέτη των θεμελίων των μαθηματικών και της (θεωρητικής) πληροφορικής. Η έννοια του τυπικού αποδεικτικού συστήματος, η αποδειξιμότητα, η ερμηνεία των τυπικών θεωριών, τα θεωρήματα πληρότητας, αποτελούν αντικείμενα του βιβλίου. Επίσης η μελέτη των αναδρομικών συναρτήσεων και η απόδειξη του θεωρήματος μη πληρότητας του Gödel, το οποίο μετεξελίχθηκε στο αποτέλεσμα αναποκρισιμότητας των Gödel, Turing και Church. Η θεωρία αποδείξεων, που πήρε την εκλεπτυσμένη της μορφή από τον Gentzen, ενδιαφέρεται όχι μόνον για το τι αποδεικνύεται αλλά και για το πώς αποδεικνύεται. Θα παρουσιαστούν όλα τα μεγάλα αποτελέσματα όπως ο sequent calculus, natural deduction και το περίφημο θεώρημα απαλοιφής των τομών, τα οποία, μέσω της ισομορφίας των αποδείξεων με τα προγράμματα, ουσιαστικά αποτελούν μαθηματική μελέτη της δομής των προγραμμάτων στο χώρο της πληροφορικής.</subfield>
  </datafield>
  <datafield tag="650" ind1=" " ind2="0">
   <subfield code="a">Mathematical logic</subfield>
   <subfield code="8">1657</subfield>
  </datafield>
  <datafield tag="653" ind1=" " ind2=" ">
   <subfield code="a">Λογική πληρότητα</subfield>
  </datafield>
  <datafield tag="653" ind1=" " ind2=" ">
   <subfield code="a">Ανταποκρισιμότητα</subfield>
  </datafield>
  <datafield tag="653" ind1=" " ind2=" ">
   <subfield code="a">Θεωρία αποδείξεων</subfield>
  </datafield>
  <datafield tag="653" ind1=" " ind2=" ">
   <subfield code="a">Ισομορφισμός Αποδείξεων Προγραμμάτων</subfield>
  </datafield>
  <datafield tag="653" ind1=" " ind2=" ">
   <subfield code="a">Επιστήμη υπολογιστών/Πληροφορική</subfield>
  </datafield>
  <datafield tag="653" ind1=" " ind2=" ">
   <subfield code="a">Μαθηματικά</subfield>
   <subfield code="a">Μαθηματική λογική και θεμελίωση των μαθηματικών</subfield>
  </datafield>
  <datafield tag="653" ind1=" " ind2=" ">
   <subfield code="a">Λογική και φιλοσοφία της λογικής</subfield>
   <subfield code="a">Λογική και φιλοσοφία της λογικής, διάφορα</subfield>
   <subfield code="a">Παραγωγική λογική</subfield>
  </datafield>
  <datafield tag="700" ind1="1" ind2=" ">
   <subfield code="a">Δημητρακόπουλος, Κωνσταντίνος</subfield>
   <subfield code="e">Κριτικός αναγνώστης</subfield>
   <subfield code="8">557</subfield>
  </datafield>
  <datafield tag="856" ind1="4" ind2="0">
   <subfield code="u">http://hdl.handle.net/11419/2299</subfield>
   <subfield code="z">Πλήρες Κείμενο - Full text</subfield>
  </datafield>
  <datafield tag="907" ind1=" " ind2=" ">
   <subfield code="a">.b25678097</subfield>
   <subfield code="b">12-06-18</subfield>
   <subfield code="c">29-07-16</subfield>
  </datafield>
  <datafield tag="949" ind1=" " ind2=" ">
   <subfield code="0">0</subfield>
   <subfield code="1">0</subfield>
   <subfield code="2">ddc</subfield>
   <subfield code="4">0</subfield>
   <subfield code="6">511_300000000000000_ΚΟΛ</subfield>
   <subfield code="7">0</subfield>
   <subfield code="8">KALL</subfield>
   <subfield code="8">568</subfield>
   <subfield code="d">2016-04-13</subfield>
   <subfield code="r">2016-04-13</subfield>
   <subfield code="w">2016-04-13</subfield>
   <subfield code="z">511.3 ΚΟΛ</subfield>
   <subfield code="o">SEAB KALLIPOS</subfield>
  </datafield>
  <datafield tag="998" ind1=" " ind2=" ">
   <subfield code="a">80</subfield>
   <subfield code="a">01</subfield>
   <subfield code="a">02</subfield>
   <subfield code="a">03</subfield>
   <subfield code="a">04</subfield>
   <subfield code="a">05</subfield>
   <subfield code="a">06</subfield>
   <subfield code="a">07</subfield>
   <subfield code="a">08</subfield>
   <subfield code="a">09</subfield>
   <subfield code="a">10</subfield>
   <subfield code="a">11</subfield>
   <subfield code="a">12</subfield>
   <subfield code="a">13</subfield>
   <subfield code="a">14</subfield>
   <subfield code="a">15</subfield>
   <subfield code="a">16</subfield>
   <subfield code="a">17</subfield>
   <subfield code="a">18</subfield>
   <subfield code="a">19</subfield>
   <subfield code="a">20</subfield>
   <subfield code="a">21</subfield>
   <subfield code="a">22</subfield>
   <subfield code="a">23</subfield>
   <subfield code="a">24</subfield>
   <subfield code="a">25</subfield>
   <subfield code="a">26</subfield>
   <subfield code="b">11-05-17</subfield>
   <subfield code="c">m</subfield>
   <subfield code="d">z  </subfield>
   <subfield code="e">-</subfield>
   <subfield code="f">gre</subfield>
   <subfield code="g">gr </subfield>
   <subfield code="h">0</subfield>
  </datafield>
  <datafield tag="942" ind1=" " ind2=" ">
   <subfield code="2">ddc</subfield>
   <subfield code="c">KALLIPOS</subfield>
  </datafield>
 </record>
</collection>
